| 000 | 00457aam a2200169 4500 | ||
|---|---|---|---|
| 005 | 20250219184345.0 | ||
| 008 | 150528b2006 xxu||||| |||| 00| 0 spa d | ||
| 041 | _aESP | ||
| 082 |
_aR 658.03 O39d _b |
||
| 100 | _aOjeda Hernández, Félix | ||
| 245 | _aDiccionario de administración de empresas | ||
| 260 |
_aArgentina _bClaridad _c2006 |
||
| 300 | _a422 páginas | ||
| 650 | _aADMINISTRACIÓN DE EMPRESAS | ||
| 650 | _aDICCIONARIO | ||
| 942 |
_cREF _2ddc |
||
| 999 |
_c2377 _d2377 |
||